[Event "Aarhus mesterskabet"]
[Site "Aarhus"]
[Date "1996.??.??"]
[Round "2"]
[White "Borbjerggaard, Lars"]
[Black "Jacobsen, Bo"]
[Result "1-0"]
[WhiteElo "2185"]
[BlackElo "2315"]
[PlyCount "103"]
[EventDate "1996.??.??"]
[EventType "tourn"]
[EventRounds "7"]
[EventCountry "DEN"]
[EventCategory "2"]
[SourceTitle "EXT 1999"]
[Source "ChessBase"]
[SourceDate "1998.11.10"]

1. d4 d6 2. Nf3 g6 3. c4 f5 4. b3 Bg7 5. Bb2 Nf6 6. Nbd2 a5 7. Qc2 Nc6 8. a3
O-O 9. g3 Qe8 10. d5 Nd8 11. Nd4 c6 12. dxc6 bxc6 13. Bg2 Ra7 14. e4 e5 15.
N4f3 f4 16. O-O c5 17. b4 fxg3 18. fxg3 Ne6 19. b5 a4 20. Nb1 Nd4 21. Qd3 Bh6
22. Nc3 Be6 23. Bc1 Bxc1 24. Raxc1 h6 25. Rce1 Kg7 26. Nd2 Qa8 27. Bf3 Raf7 28.
Bd1 Bh3 29. Rf2 Qa7 30. Qe3 Qa5 31. Nd5 Ng4 32. Rxf7+ Rxf7 33. Bxg4 Bxg4 34.
Rf1 Rxf1+ 35. Kxf1 Bh3+ 36. Kf2 Nc2 37. Qc3 Qxc3 38. Nxc3 Nxa3 39. Nxa4 Kf7 40.
Nb6 Nc2 41. Nb3 Be6 42. Na5 Na3 43. Ke2 Ke8 44. Kd3 Kd8 45. Na4 Bh3 46. b6 Kc8
47. Nb2 Bf1+ 48. Ke3 Bg2 49. Na4 Nc2+ 50. Kd2 Bxe4 51. Nc3 Bf5 52. g4 1-0

[Event "Aarhus mesterskabet"]
[Site "Aarhus"]
[Date "1996.??.??"]
[Round "1"]
[White "Borbjerggaard, Lars"]
[Black "Nielsen, Uffe V"]
[Result "1/2-1/2"]
[WhiteElo "2185"]
[BlackElo "2380"]
[PlyCount "77"]
[EventDate "1996.??.??"]
[EventType "tourn"]
[EventRounds "7"]
[EventCountry "DEN"]
[EventCategory "2"]
[SourceTitle "EXT 1999"]
[Source "ChessBase"]
[SourceDate "1998.11.10"]

1. Nf3 c5 2. c4 Nc6 3. Nc3 e5 4. g3 g6 5. Bg2 Bg7 6. O-O Nge7 7. d3 O-O 8. a3
d6 9. Rb1 a5 10. Ne1 Be6 11. Nc2 d5 12. cxd5 Nxd5 13. Ne3 Nde7 14. Ne4 b6 15.
Nc4 h6 16. Bd2 Rb8 17. a4 f5 18. Ned6 f4 19. Bc3 Nd5 20. Be4 Qg5 21. Kh1 Nd4
22. Rg1 Qh5 23. gxf4 Nxe2 24. Rxg6 Ndxc3 25. bxc3 Rxf4 26. f3 Rxe4 27. fxe4
Qxg6 28. Qxe2 Bg4 29. Rg1 Bxe2 30. Rxg6 Kh7 31. Rg3 Bf6 32. Nf5 Bd1 33. Nce3
Bxa4 34. Nd5 Bh8 35. Rh3 Bg7 36. Rg3 Bh8 37. Rh3 Bg7 38. Rg3 Bh8 39. Rh3
1/2-1/2

[Event "Aarhus mesterskabet"]
[Site "Aarhus"]
[Date "1996.??.??"]
[Round "7"]
[White "Christensen, Jan"]
[Black "Borbjerggaard, Lars"]
[Result "1-0"]
[WhiteElo "2235"]
[BlackElo "2185"]
[PlyCount "37"]
[EventDate "1996.??.??"]
[EventType "tourn"]
[EventRounds "7"]
[EventCountry "DEN"]
[EventCategory "2"]
[SourceTitle "EXT 1999"]
[Source "ChessBase"]
[SourceDate "1998.11.10"]

1. d4 Nf6 2. Nf3 d5 3. c4 e6 4. cxd5 exd5 5. Nc3 c6 6. Bg5 Bf5 7. Qb3 Nbd7 8.
e4 Bxe4 9. Nxe4 dxe4 10. Bc4 Qe7 11. O-O Nb6 12. Rfe1 Nxc4 13. Qxc4 Qe6 14. Qa4
Qd5 15. Qc2 Bb4 16. Re3 O-O 17. Bxf6 exf3 18. Re5 Qxd4 19. Rh5 1-0

[Event "Aarhus mesterskabet"]
[Site "Aarhus"]
[Date "1996.??.??"]
[Round "4"]
[White "Christensen, Jan"]
[Black "Jensen, Vagn"]
[Result "0-1"]
[WhiteElo "2235"]
[BlackElo "2295"]
[PlyCount "110"]
[EventDate "1996.??.??"]
[EventType "tourn"]
[EventRounds "7"]
[EventCountry "DEN"]
[EventCategory "2"]
[SourceTitle "EXT 1999"]
[Source "ChessBase"]
[SourceDate "1998.11.10"]

1. e4 c5 2. Nf3 e6 3. b4 cxb4 4. d4 Nf6 5. Bd3 b6 6. O-O Bb7 7. Re1 Be7 8. a3
bxa3 9. c4 d6 10. Bxa3 O-O 11. Nc3 Nbd7 12. Qd2 e5 13. Nd5 Nxd5 14. exd5 exd4
15. Nxd4 Bf6 16. Bc2 Nc5 17. Bb2 Re8 18. Rxe8+ Qxe8 19. Re1 Qd7 20. Qe3 g6 21.
Qh6 Re8 22. Rf1 b5 23. f4 Bg7 24. Qg5 Qe7 25. Qxe7 Rxe7 26. Nc6 Bxc6 27. Bxg7
Bxd5 28. Bf6 Re2 29. cxd5 Rxc2 30. Re1 Kf8 31. Be7+ Kg7 32. Bxd6 Nd3 33. Rd1
Nf2 34. Ra1 Ne4 35. Be5+ f6 36. Rxa7+ Kh6 37. h3 fxe5 38. fxe5 Rc5 39. Rd7 b4
40. e6 Nf6 41. e7 Rb5 42. Rd6 Ne8 43. Rd8 b3 44. Rxe8 b2 45. Rf8 b1=Q+ 46. Kh2
Rb8 47. e8=Q Rxe8 48. Rxe8 Qb6 49. Re6 Qd4 50. d6 Qd5 51. Re3 Qxd6+ 52. Kh1 g5
53. Rf3 Kh5 54. Kg1 Kh4 55. Kh1 h5 0-1

[Event "Aarhus mesterskabet"]
[Site "Aarhus"]
[Date "1996.??.??"]
[Round "2"]
[White "Christensen, Jan"]
[Black "Pedersen, Nicolai Vesterbaek"]
[Result "1/2-1/2"]
[WhiteElo "2235"]
[BlackElo "2290"]
[PlyCount "69"]
[EventDate "1996.??.??"]
[EventType "tourn"]
[EventRounds "7"]
[EventCountry "DEN"]
[EventCategory "2"]
[SourceTitle "EXT 1999"]
[Source "ChessBase"]
[SourceDate "1998.11.10"]

1. e4 e5 2. Nf3 Nc6 3. d4 exd4 4. c3 d5 5. exd5 Qxd5 6. cxd4 Bg4 7. Be2 Bb4+ 8.
Nc3 Bxf3 9. Bxf3 Qc4 10. Qb3 Qxb3 11. axb3 a5 12. O-O Nxd4 13. Bxb7 Rb8 14. Bd5
Ne7 15. Bc4 O-O 16. Bg5 Nef5 17. Nd5 h6 18. Bf4 Nd6 19. Rfd1 Ne6 20. Bg3 Nxc4
21. bxc4 Rb7 22. h3 Ra8 23. Be5 c6 24. Nxb4 Rxb4 25. Bc3 Rxc4 26. Rxa5 Rxa5 27.
Bxa5 Kf8 28. Rd7 Rc1+ 29. Kh2 Rc2 30. Rd2 Rxd2 31. Bxd2 Ke7 32. Bc3 Kd6 33. Kg3
Kd5 34. Kf3 f5 35. g4 1/2-1/2

[Event "Aarhus mesterskabet"]
[Site "Aarhus"]
[Date "1996.??.??"]
[Round "6"]
[White "Jacobsen, Bo"]
[Black "Jensen, Vagn"]
[Result "0-1"]
[WhiteElo "2315"]
[BlackElo "2295"]
[PlyCount "60"]
[EventDate "1996.??.??"]
[EventType "tourn"]
[EventRounds "7"]
[EventCountry "DEN"]
[EventCategory "2"]
[SourceTitle "EXT 1999"]
[Source "ChessBase"]
[SourceDate "1998.11.10"]

1. Nf3 Nc6 2. c4 e5 3. Nc3 Nf6 4. e3 Be7 5. d4 exd4 6. Nxd4 O-O 7. Be2 d5 8.
cxd5 Nxd5 9. Nxc6 bxc6 10. Bd2 Bf5 11. O-O Qd6 12. Bf3 Nb4 13. e4 Be6 14. Qe2
Nd3 15. b3 Rfd8 16. Rab1 Qe5 17. Na4 Rab8 18. Rfd1 Qb5 19. Bc3 c5 20. Bg4 Bxg4
21. Qxg4 Bf8 22. e5 Qc6 23. Qc4 Qg6 24. g3 Qf5 25. f4 h5 26. Rf1 h4 27. Rbd1
hxg3 28. hxg3 Qg6 29. Kg2 Qc6+ 30. Kh3 Nf2+ 0-1

[Event "Aarhus mesterskabet"]
[Site "Aarhus"]
[Date "1996.??.??"]
[Round "1"]
[White "Jacobsen, Bo"]
[Black "Christensen, Jan"]
[Result "1-0"]
[WhiteElo "2315"]
[BlackElo "2235"]
[PlyCount "81"]
[EventDate "1996.??.??"]
[EventType "tourn"]
[EventRounds "7"]
[EventCountry "DEN"]
[EventCategory "2"]
[SourceTitle "EXT 1999"]
[Source "ChessBase"]
[SourceDate "1998.11.10"]

1. g3 c5 2. Bg2 Nc6 3. e4 g6 4. d3 Bg7 5. Nc3 e5 6. Nh3 d6 7. O-O Nge7 8. Be3
O-O 9. Qd2 Nd4 10. f4 f5 11. Rf2 Rb8 12. Raf1 b6 13. fxe5 dxe5 14. Bh6 Bb7 15.
Bxg7 Kxg7 16. exf5 Bxg2 17. Kxg2 Rxf5 18. g4 Rxf2+ 19. Qxf2 Nec6 20. Qf7+ Kh8
21. Ne4 Nxc2 22. Nhg5 Qe7 23. Qxe7 Nxe7 24. Rf7 Ne3+ 25. Kf3 N3d5 26. Nxh7 Kg8
27. Neg5 b5 28. b3 Rc8 29. h4 Rc6 30. h5 gxh5 31. gxh5 c4 32. bxc4 bxc4 33. h6
Rxh6 34. dxc4 Nb6 35. Rxe7 Nxc4 36. Rxa7 Nd6 37. Kg4 e4 38. Re7 Rh1 39. Nf6+
Kf8 40. Rd7 Rg1+ 41. Kh5 1-0

[Event "Aarhus mesterskabet"]
[Site "Aarhus"]
[Date "1996.??.??"]
[Round "3"]
[White "Jacobsen, Bo"]
[Black "Nielsen, Uffe V"]
[Result "1-0"]
[WhiteElo "2315"]
[BlackElo "2380"]
[PlyCount "159"]
[EventDate "1996.??.??"]
[EventType "tourn"]
[EventRounds "7"]
[EventCountry "DEN"]
[EventCategory "2"]
[SourceTitle "EXT 1999"]
[Source "ChessBase"]
[SourceDate "1998.11.10"]

1. b3 e5 2. Bb2 d6 3. e3 f5 4. d4 Nd7 5. h4 Ngf6 6. Nf3 e4 7. Ng5 Qe7 8. c4 g6
9. Nc3 c6 10. Be2 Bg7 11. Nh3 O-O 12. h5 Bh6 13. hxg6 hxg6 14. Qc2 Rf7 15.
O-O-O d5 16. g3 Nf8 17. Nf4 Bxf4 18. gxf4 Be6 19. Kb1 Rc8 20. Qc1 b5 21. cxb5
cxb5 22. Qd2 a6 23. Rc1 Qd6 24. Ka1 Rfc7 25. a3 Qb6 26. Na2 Bd7 27. Bc3 Ne6 28.
Rcg1 b4 29. Nxb4 Kg7 30. Rc1 Bb5 31. Bb2 a5 32. Bxb5 Qxb5 33. Na2 Qxb3 34. Qxa5
Ng4 35. Rxc7+ Rxc7 36. Nb4 Nxf2 37. Re1 Rd7 38. Qa6 Nf8 39. Qe2 Nd3 40. Nxd3
exd3 41. Qd2 Rc7 42. Rc1 Rc2 43. Rxc2 dxc2 44. Qe1 Qd3 45. Bc1 Nd7 46. Qb4 Kf7
47. Qb7 Qc3+ 48. Ka2 Ke6 49. Qa6+ Kf7 50. Qb5 Ke6 51. a4 Qc4+ 52. Qxc4 dxc4 53.
Kb2 Kd6 54. Kc3 Kc6 55. Kxc4 Nb6+ 56. Kb3 Kd5 57. a5 Nc8 58. Kxc2 Kc4 59. Bd2
Na7 60. Be1 Nc6 61. Kd1 Nb8 62. Ke2 Na6 63. Bh4 Kb5 64. Bd8 Nb4 65. e4 Kc4 66.
e5 Kd5 67. Bb6 Na6 68. Ke3 Kc6 69. e6 Kd6 70. d5 Nb4 71. Kd4 Nxd5 72. e7 Nf6
73. Bc5+ Kd7 74. a6 Ne8 75. a7 Nc7 76. Ke5 Ke8 77. Kf6 Na8 78. Kxg6 Nc7 79.
Kxf5 Kf7 80. Ke5 1-0

[Event "Aarhus mesterskabet"]
[Site "Aarhus"]
[Date "1996.??.??"]
[Round "7"]
[White "Jensen, Vagn"]
[Black "Pedersen, Nicolai Vesterbaek"]
[Result "0-1"]
[WhiteElo "2295"]
[BlackElo "2290"]
[PlyCount "94"]
[EventDate "1996.??.??"]
[EventType "tourn"]
[EventRounds "7"]
[EventCountry "DEN"]
[EventCategory "2"]
[SourceTitle "EXT 1999"]
[Source "ChessBase"]
[SourceDate "1998.11.10"]

1. e4 e5 2. Nf3 Nc6 3. Bb5 a6 4. Ba4 Nf6 5. Qe2 b5 6. Bb3 Be7 7. c3 O-O 8. O-O
d5 9. d3 Bb7 10. Nbd2 Re8 11. Re1 Bf8 12. a3 h6 13. exd5 Nxd5 14. Ne4 Nf6 15.
Ba2 Nxe4 16. dxe4 Qf6 17. g3 Rad8 18. Nh4 Bc8 19. Ng2 Be6 20. Bxe6 Qxe6 21. Ne3
Na5 22. Nd5 Rd7 23. Be3 Nc4 24. Rad1 c6 25. Nb4 Rxd1 26. Rxd1 a5 27. Na6 Qc8
28. Nc5 Rd8 29. Rxd8 Qxd8 30. a4 Nxe3 31. Qxe3 bxa4 32. Nd3 Qb8 33. Kg2 a3 34.
bxa3 Bxa3 35. f4 f6 36. fxe5 fxe5 37. Qf2 Kh8 38. Qa2 Qd6 39. Qc4 Kh7 40. h4
Kh8 41. h5 a4 42. g4 Kh7 43. Kg3 Qf6 44. Qxa4 Qf1 45. Qc2 Be7 46. Nf2 Qg1+ 47.
Kh3 Bg5 0-1

[Event "Aarhus mesterskabet"]
[Site "Aarhus"]
[Date "1996.??.??"]
[Round "3"]
[White "Jensen, Vagn"]
[Black "Pedersen, Jan"]
[Result "0-1"]
[WhiteElo "2295"]
[BlackElo "2335"]
[PlyCount "76"]
[EventDate "1996.??.??"]
[EventType "tourn"]
[EventRounds "7"]
[EventCountry "DEN"]
[EventCategory "2"]
[SourceTitle "EXT 1999"]
[Source "ChessBase"]
[SourceDate "1998.11.10"]

1. e4 e6 2. d4 d5 3. Nd2 dxe4 4. Nxe4 Bd7 5. Nf3 Bc6 6. Bd3 Bxe4 7. Bxe4 c6 8.
O-O Nf6 9. Bd3 Be7 10. c4 O-O 11. b3 c5 12. dxc5 Bxc5 13. Bb2 Nc6 14. a3 a5 15.
Ne5 Nxe5 16. Bxe5 b6 17. Ra2 Kh8 18. Rd2 Qe7 19. Bb1 Rfd8 20. Rxd8+ Rxd8 21.
Qc2 Kg8 22. Bxf6 Qxf6 23. Qxh7+ Kf8 24. Qc2 Bxa3 25. Rd1 Rxd1+ 26. Qxd1 Bc5 27.
Qe2 Qf4 28. Bc2 Bxf2+ 29. Kh1 Bc5 30. g3 Qd4 31. Kg2 g6 32. Qd3 Qf2+ 33. Kh3
Kg7 34. Bd1 Bd4 35. Qe2 Qg1 36. Bc2 f5 37. Qd1 Qf2 38. Qd3 g5 0-1

[Event "Aarhus mesterskabet"]
[Site "Aarhus"]
[Date "1996.??.??"]
[Round "5"]
[White "Jensen, Vagn"]
[Black "Borbjerggaard, Lars"]
[Result "1-0"]
[WhiteElo "2295"]
[BlackElo "2185"]
[PlyCount "95"]
[EventDate "1996.??.??"]
[EventType "tourn"]
[EventRounds "7"]
[EventCountry "DEN"]
[EventCategory "2"]
[SourceTitle "EXT 1999"]
[Source "ChessBase"]
[SourceDate "1998.11.10"]

1. e4 c6 2. d4 d5 3. e5 c5 4. dxc5 e6 5. Nf3 Bxc5 6. Bd3 b6 7. c3 a5 8. Qa4+
Bd7 9. Qg4 g6 10. h4 h5 11. Qg3 Nh6 12. Bxh6 Rxh6 13. Nbd2 Nc6 14. Qf4 Rh8 15.
Ng5 Nxe5 16. Qxe5 f6 17. Bxg6+ Ke7 18. Qg3 fxg5 19. Qxg5+ Kd6 20. Qg3+ Kc6 21.
O-O-O Bd6 22. Qf3 Qg8 23. Bxh5 Rf8 24. Qe2 Qxg2 25. Bf3 Qg6 26. Rhg1 Qf5 27.
Rg5 Qf6 28. c4 Bf4 29. cxd5+ Kc7 30. d6+ Kb8 31. Be4 Ka7 32. Rg6 Qe5 33. Kb1
Bxd2 34. Rxd2 Rxf2 35. Rg7 Rxe2 36. Rxd7+ Ka6 37. Rxe2 Qd4 38. Bb7+ Kb5 39. a4+
Kc5 40. Rc2+ Kb4 41. Rdc7 Rxh4 42. d7 Qd3 43. Bf3 e5 44. Ka1 Rh8 45. R2c3 Qd4
46. Be2 Rh1+ 47. Ka2 Qg1 48. R7c4# 1-0

[Event "Aarhus mesterskabet"]
[Site "Aarhus"]
[Date "1996.??.??"]
[Round "2"]
[White "Nielsen, Uffe V"]
[Black "Jensen, Vagn"]
[Result "1-0"]
[WhiteElo "2380"]
[BlackElo "2295"]
[PlyCount "83"]
[EventDate "1996.??.??"]
[EventType "tourn"]
[EventRounds "7"]
[EventCountry "DEN"]
[EventCategory "2"]
[SourceTitle "EXT 1999"]
[Source "ChessBase"]
[SourceDate "1998.11.10"]

1. e4 d5 2. exd5 Qxd5 3. d4 Nf6 4. c4 Qd8 5. Nc3 g6 6. h3 Bg7 7. Nf3 O-O 8. Be2
c6 9. Bf4 Bf5 10. g4 Be4 11. Qd2 Bxf3 12. Bxf3 Nbd7 13. O-O e5 14. dxe5 Nxe5
15. Be2 Qe7 16. Rae1 Rfe8 17. Be3 Qe6 18. b3 Rad8 19. Qc2 h5 20. g5 Qxh3 21.
gxf6 Ng4 22. Bf4 Bh6 23. Bxg4 Qxg4+ 24. Bg3 h4 25. Re4 Rxe4 26. Qxe4 Qxe4 27.
Nxe4 hxg3 28. fxg3 Be3+ 29. Kg2 Bh6 30. Rh1 Rd4 31. Kf3 Rd3+ 32. Kf2 Rd4 33.
Re1 Bf8 34. Ke3 Rd8 35. g4 Bb4 36. Rh1 b5 37. Rc1 Ba3 38. Rc2 Bd6 39. cxb5 cxb5
40. Rd2 Bc7 41. Rxd8+ Bxd8 42. Kd4 1-0

[Event "Aarhus mesterskabet"]
[Site "Aarhus"]
[Date "1996.??.??"]
[Round "6"]
[White "Nielsen, Uffe V"]
[Black "Christensen, Jan"]
[Result "1-0"]
[WhiteElo "2380"]
[BlackElo "2235"]
[PlyCount "47"]
[EventDate "1996.??.??"]
[EventType "tourn"]
[EventRounds "7"]
[EventCountry "DEN"]
[EventCategory "2"]
[SourceTitle "EXT 1999"]
[Source "ChessBase"]
[SourceDate "1998.11.10"]

1. c4 b6 2. d4 Bb7 3. Nc3 e6 4. a3 f5 5. Nf3 Nf6 6. g3 Be7 7. Bg2 O-O 8. O-O
Qe8 9. Bf4 d6 10. Ng5 Bxg2 11. Kxg2 Bd8 12. d5 e5 13. Bd2 Ng4 14. Ne6 Nd7 15.
Nxf8 Nxf8 16. e4 Qg6 17. exf5 Qxf5 18. Qb1 Qh5 19. h3 Nf6 20. Qd3 Ng6 21. Qf3
Qxf3+ 22. Kxf3 e4+ 23. Kg2 Ne5 24. b3 1-0

[Event "Aarhus mesterskabet"]
[Site "Aarhus"]
[Date "1996.??.??"]
[Round "7"]
[White "Pedersen, Daniel Vesterbaek"]
[Black "Nielsen, Uffe V"]
[Result "0-1"]
[WhiteElo "2250"]
[BlackElo "2380"]
[PlyCount "134"]
[EventDate "1996.??.??"]
[EventType "tourn"]
[EventRounds "7"]
[EventCountry "DEN"]
[EventCategory "2"]
[SourceTitle "EXT 1999"]
[Source "ChessBase"]
[SourceDate "1998.11.10"]

1. e4 c5 2. c3 Nf6 3. e5 Nd5 4. d4 cxd4 5. Nf3 d6 6. Bc4 Nb6 7. Bb3 d5 8. cxd4
Bf5 9. Nh4 Bxb1 10. Rxb1 e6 11. Nf3 Be7 12. O-O Nc6 13. Re1 a5 14. a3 Qd7 15.
Bg5 a4 16. Bc2 Na5 17. Bxe7 Kxe7 18. Qd2 Qb5 19. Bd3 Nac4 20. Qg5+ Kf8 21. Nd2
h6 22. Qf4 Qd7 23. Rec1 Rc8 24. Rc3 Kg8 25. Nf1 Rc6 26. Rbc1 Qe7 27. R3c2 Qc7
28. Re1 f5 29. Qf3 g6 30. g4 Nd7 31. gxf5 gxf5 32. Qh5 Nf8 33. f4 Rh7 34. Rg2+
Rg7 35. Ree2 Kh7 36. Rg5 Qf7 37. Reg2 Rg6 38. Qh4 Kg7 39. Rxg6+ Nxg6 40. Qf2
Kh7 41. Be2 Rc8 42. Kh1 Rg8 43. Ng3 Nd2 44. Nh5 Ne4 45. Qe1 Ne7 46. Rxg8 Qxg8
47. Bf3 Qg6 48. Qe2 Ng8 49. Qc2 Kh8 50. Qg2 Qxg2+ 51. Kxg2 Nd2 52. Be2 Nc4 53.
Bxc4 dxc4 54. Kf3 Kh7 55. Ke3 Kg6 56. Nf6 Nxf6 57. exf6 Kxf6 58. Kd2 Kg6 59.
Kc3 Kh5 60. Kxc4 Kg4 61. Kc5 Kxf4 62. Kd6 Ke4 63. Kxe6 f4 64. d5 f3 65. d6 f2
66. d7 f1=Q 67. d8=Q Qf5+ 0-1

[Event "Aarhus mesterskabet"]
[Site "Aarhus"]
[Date "1996.??.??"]
[Round "3"]
[White "Pedersen, Daniel Vesterbaek"]
[Black "Christensen, Jan"]
[Result "1/2-1/2"]
[WhiteElo "2250"]
[BlackElo "2235"]
[PlyCount "24"]
[EventDate "1996.??.??"]
[EventType "tourn"]
[EventRounds "7"]
[EventCountry "DEN"]
[EventCategory "2"]
[SourceTitle "EXT 1999"]
[Source "ChessBase"]
[SourceDate "1998.11.10"]

1. e4 e5 2. Nf3 Nc6 3. d4 exd4 4. Nxd4 Nf6 5. Nc3 Bb4 6. Nxc6 bxc6 7. Bd3 d5 8.
exd5 cxd5 9. Qe2+ Be6 10. Bb5+ Kf8 11. O-O Qd6 12. Na4 c6 1/2-1/2

[Event "Aarhus mesterskabet"]
[Site "Aarhus"]
[Date "1996.??.??"]
[Round "1"]
[White "Pedersen, Daniel Vesterbaek"]
[Black "Jensen, Vagn"]
[Result "1/2-1/2"]
[WhiteElo "2250"]
[BlackElo "2295"]
[PlyCount "81"]
[EventDate "1996.??.??"]
[EventType "tourn"]
[EventRounds "7"]
[EventCountry "DEN"]
[EventCategory "2"]
[SourceTitle "EXT 1999"]
[Source "ChessBase"]
[SourceDate "1998.11.10"]

1. e4 c5 2. c3 d5 3. exd5 Qxd5 4. d4 Nc6 5. Nf3 cxd4 6. cxd4 e5 7. Nc3 Bb4 8.
Bd2 Bxc3 9. Bxc3 e4 10. Ne5 Nxe5 11. dxe5 Ne7 12. Qa4+ Bd7 13. Qa3 Qe6 14. Qb4
Qc6 15. Be2 Nd5 16. Qxe4 Nxc3 17. Qxc6 Bxc6 18. bxc3 Bxg2 19. Rg1 Be4 20. Kd2
O-O 21. Ke3 Bd5 22. Rad1 Be6 23. Bf3 Rac8 24. Bxb7 Rxc3+ 25. Rd3 Rxd3+ 26. Kxd3
Rb8 27. Bc6 Bxa2 28. Ra1 Rb2 29. Ke3 g6 30. h4 a6 31. h5 gxh5 32. Be4 Be6 33.
Rxa6 h4 34. Ra1 h3 35. Rg1+ Kf8 36. Bxh7 Bd5 37. Rg8+ Ke7 38. Be4 Bxe4 39. Kxe4
Rxf2 40. Rh8 h2 41. Ke3 1/2-1/2

[Event "Aarhus mesterskabet"]
[Site "Aarhus"]
[Date "1996.??.??"]
[Round "2"]
[White "Pedersen, Jan"]
[Black "Pedersen, Daniel Vesterbaek"]
[Result "1/2-1/2"]
[WhiteElo "2335"]
[BlackElo "2250"]
[PlyCount "42"]
[EventDate "1996.??.??"]
[EventType "tourn"]
[EventRounds "7"]
[EventCountry "DEN"]
[EventCategory "2"]
[SourceTitle "EXT 1999"]
[Source "ChessBase"]
[SourceDate "1998.11.10"]

1. d4 d5 2. c4 e6 3. Nc3 Be7 4. Nf3 Nf6 5. Bg5 O-O 6. e3 h6 7. Bf4 c5 8. dxc5
Bxc5 9. a3 Nc6 10. b4 Be7 11. Qb3 dxc4 12. Bxc4 a6 13. Rd1 Qe8 14. O-O b5 15.
Be2 Bb7 16. e4 Rd8 17. e5 Rxd1 18. Rxd1 Nd7 19. h3 Qc8 20. Bd3 Qc7 21. Re1 Rd8
1/2-1/2

[Event "Aarhus mesterskabet"]
[Site "Aarhus"]
[Date "1996.??.??"]
[Round "5"]
[White "Pedersen, Jan"]
[Black "Christensen, Jan"]
[Result "1/2-1/2"]
[WhiteElo "2335"]
[BlackElo "2235"]
[PlyCount "182"]
[EventDate "1996.??.??"]
[EventType "tourn"]
[EventRounds "7"]
[EventCountry "DEN"]
[EventCategory "2"]
[SourceTitle "EXT 1999"]
[Source "ChessBase"]
[SourceDate "1998.11.10"]

1. e4 e5 2. Nc3 Nf6 3. g3 d5 4. exd5 Nxd5 5. Bg2 Nxc3 6. bxc3 Bd6 7. d3 O-O 8.
Ne2 c6 9. O-O Nd7 10. c4 Qc7 11. Nc3 Nc5 12. f4 exf4 13. Bxf4 Bxf4 14. Rxf4 f5
15. Qd2 Bd7 16. Ne2 Rae8 17. Raf1 Qd6 18. R4f2 Re7 19. Qf4 Qxf4 20. gxf4 Rfe8
21. Nc3 Re3 22. Rf3 Rxf3 23. Bxf3 Ne6 24. Ne2 Kf7 25. Kf2 Kf6 26. h4 g6 27. Rb1
b6 28. a4 Ke7 29. a5 b5 30. d4 Nc7 31. c5 Rd8 32. c3 Ne6 33. Kg3 Kf6 34. Nc1 h6
35. Nd3 g5 36. hxg5+ hxg5 37. fxg5+ Nxg5 38. Rh1 Be8 39. Nb4 Nxf3 40. Kxf3 Kg5
41. Rg1+ Kf6 42. Kf4 Bd7 43. Rh1 Rg8 44. Rh6+ Rg6 45. Rxg6+ Kxg6 46. Ke5 f4 47.
Kxf4 Kf6 48. Nd3 Be6 49. Nb4 Bd7 50. d5 cxd5 51. Nxd5+ Ke6 52. Nb4 Bc8 53. Ke4
Bb7+ 54. Kd4 Bg2 55. Nd3 Kd7 56. Ne5+ Kc7 57. Nd3 Bh1 58. Nb4 Bg2 59. Kd3 Bf3
60. Kc2 Bg2 61. Kb2 Bf3 62. Ka3 Bg2 63. Nc2 Kc6 64. Kb4 a6 65. Nd4+ Kc7 66. Kb3
Bd5+ 67. Kc2 Be4+ 68. Kd2 Bd5 69. Ke3 Bg2 70. Nc2 Bb7 71. Kd4 Kd7 72. Nb4 Kc7
73. Ke5 Kd7 74. Kf6 Bc8 75. Kf5 Bb7 76. Ke5 Kc7 77. Ke6 Bg2 78. Nxa6+ Kc6 79.
Ke7 b4 80. Nxb4+ Kxc5 81. a6 Kb6 82. Kd6 Bf1 83. Kd5 Bg2+ 84. Kd4 Kb5 85. Ke5
Kb6 86. Kd6 Bf1 87. Ke5 Bg2 88. Kd4 Kb5 89. Kd3 Bf1+ 90. Kc2 Kb6 91. Kb3 Bg2
1/2-1/2

[Event "Aarhus mesterskabet"]
[Site "Aarhus"]
[Date "1996.??.??"]
[Round "7"]
[White "Pedersen, Jan"]
[Black "Jacobsen, Bo"]
[Result "1-0"]
[WhiteElo "2335"]
[BlackElo "2315"]
[PlyCount "75"]
[EventDate "1996.??.??"]
[EventType "tourn"]
[EventRounds "7"]
[EventCountry "DEN"]
[EventCategory "2"]
[SourceTitle "EXT 1999"]
[Source "ChessBase"]
[SourceDate "1998.11.10"]

1. e4 g6 2. d4 Bg7 3. Nc3 d6 4. Be3 c6 5. Qd2 b5 6. Bd3 Nd7 7. Nf3 Nb6 8. O-O
Bg4 9. Ne1 Nc4 10. Bxc4 bxc4 11. h3 Bc8 12. Nf3 Rb8 13. Rab1 h6 14. b4 Nf6 15.
e5 Nd5 16. Nxd5 cxd5 17. exd6 exd6 18. Rfe1 Be6 19. b5 Qd7 20. a4 g5 21. h4 f6
22. hxg5 hxg5 23. Bxg5 Kf7 24. Bf4 Rh5 25. Nh2 Rbh8 26. f3 Bh6 27. Bxh6 R5xh6
28. Nf1 Rh1+ 29. Kf2 Bh3 30. Ne3 Bxg2 31. Nxg2 R1h2 32. Qf4 Qh3 33. Qg4 Qh6 34.
Re2 Rxg2+ 35. Qxg2 Qh4+ 36. Qg3 Qxd4+ 37. Kg2 Rh5 38. f4 1-0

[Event "Aarhus mesterskabet"]
[Site "Aarhus"]
[Date "1996.??.??"]
[Round "5"]
[White "Pedersen, Nicolai Vesterbaek"]
[Black "Nielsen, Uffe V"]
[Result "1/2-1/2"]
[WhiteElo "2290"]
[BlackElo "2380"]
[PlyCount "92"]
[EventDate "1996.??.??"]
[EventType "tourn"]
[EventRounds "7"]
[EventCountry "DEN"]
[EventCategory "2"]
[SourceTitle "EXT 1999"]
[Source "ChessBase"]
[SourceDate "1998.11.10"]

1. e4 e6 2. d4 d5 3. Nc3 Nf6 4. Bg5 Bb4 5. e5 h6 6. Bd2 Bxc3 7. bxc3 Ne4 8. Qg4
g6 9. Bd3 Nxd2 10. Kxd2 c5 11. Qf4 Bd7 12. Nf3 c4 13. Be2 Bc6 14. h4 Nd7 15.
Nh2 Qe7 16. Ng4 O-O-O 17. Nxh6 Rdf8 18. Qg5 f6 19. exf6 Nxf6 20. Bf3 Qg7 21.
Ng4 Rh5 22. Qe3 Ne4+ 23. Bxe4 dxe4 24. Qe2 Rf4 25. Raf1 Bd5 26. a4 Qh8 27. Ne5
Qh6 28. Kd1 Rfxh4 29. Rxh4 Rxh4 30. Nxc4 Qf8 31. Kd2 Rf4 32. Ne3 Bc6 33. a5 a6
34. Qc4 Rxf2+ 35. Rxf2 Qxf2+ 36. Qe2 Qf4 37. Qf1 g5 38. Qh1 Qf2+ 39. Kd1 Qxe3
40. Qh8+ Kc7 41. Qe5+ Kd7 42. Qg7+ Kd8 43. Qf6+ Kc7 44. Qe5+ Kd7 45. Qg7+ Ke8
46. Qg8+ Ke7 1/2-1/2

[Event "Aarhus mesterskabet"]
[Site "Aarhus"]
[Date "1996.??.??"]
[Round "3"]
[White "Pedersen, Nicolai Vesterbaek"]
[Black "Borbjerggaard, Lars"]
[Result "1/2-1/2"]
[WhiteElo "2290"]
[BlackElo "2185"]
[PlyCount "138"]
[EventDate "1996.??.??"]
[EventType "tourn"]
[EventRounds "7"]
[EventCountry "DEN"]
[EventCategory "2"]
[SourceTitle "EXT 1999"]
[Source "ChessBase"]
[SourceDate "1998.11.10"]

1. e4 c6 2. Ne2 d5 3. e5 c5 4. d4 Nc6 5. c3 h5 6. a3 Bf5 7. dxc5 e6 8. b4 a5 9.
Nd4 axb4 10. Nxc6 bxc6 11. cxb4 Ne7 12. Bd3 Qb8 13. Bb2 g5 14. O-O g4 15. Re1
Bxd3 16. Qxd3 Nf5 17. Nd2 h4 18. Nf1 Bxc5 19. Rac1 Bb6 20. Rxc6 Kd7 21. Rec1
Qb7 22. Ne3 Bxe3 23. Rc7+ Qxc7 24. Rxc7+ Kxc7 25. fxe3 Rhc8 26. e4 dxe4 27.
Qxe4 g3 28. hxg3 hxg3 29. b5 Kb6 30. a4 Ka5 31. Ba3 Ra7 32. Kf1 Rc4 33. Qd3
Rxa4 34. Bc5 Rc7 35. Qc3+ Kxb5 36. Qb3+ Kxc5 37. Qxa4 Kd5 38. Qa5+ Rc5 39. Qe1
Rc4 40. Qa5+ Rc5 41. Qe1 Rc4 42. Qa5+ Ke4 43. Qa8+ Kxe5 44. Ke2 Re4+ 45. Kd3
Re3+ 46. Kd2 Kf4 47. Qa7 f6 48. Qf7 e5 49. Qxf6 Re4 50. Qb6 Rd4+ 51. Kc3 Rd6
52. Qg1 Rc6+ 53. Kd2 Rd6+ 54. Kc3 e4 55. Qf1+ Kg5 56. Qe2 Rd4 57. Qa6 e3 58.
Qe6 Kf4 59. Qa2 Re4 60. Qe2 Kg5 61. Qd3 Re5 62. Qe2 Re7 63. Kc4 Rd7 64. Kc3 Rd6
65. Qf3 Rd2 66. Qe4 Rf2 67. Kd3 Rd2+ 68. Kc3 Rd4 69. Qe8 Rd6 1/2-1/2